[Event "AUT-ch U16"]
[Site "St Veit"]
[Date "2021.10.29"]
[Round "7.8"]
[White "Leitner, Thomas"]
[Black "Miazhynski, Alexander"]
[Result "1-0"]
[WhiteElo "1723"]
[BlackElo "1770"]
[PlyCount "83"]
[EventDate "2021.10.25"]
[EventType "swiss"]
[EventRounds "7"]
[EventCountry "AUT"]
[SourceTitle "EXT 2023"]
[Source "ChessBase"]
[SourceDate "2022.10.05"]
[SourceVersion "1"]
[SourceVersionDate "2022.10.05"]
[SourceQuality "1"]

1. d4 Nf6 2. c4 g6 3. Nc3 d5 4. cxd5 Nxd5 5. e4 Nxc3 6. bxc3 Bg7 7. Nf3 c5 8. h3 Nc6 9. Be3 Qa5 10. Bd2 0-0 11. Be2 Qa3 12. d5 Ne5 13. Nxe5 Bxe5 14. Qc2 e6 15. f4 Bg7 16. d6 e5 17. Rd1 exf4 18. 0-0 Be5 19. Rf3 c4 20. Bxf4 Bxf4 21. Rxf4 Rd8 22. Qd2 Be6 23. e5 b5 24. Bg4 Qc5+ 25. Qd4 Qxd4+ 26. Rfxd4 Bxg4 27. hxg4 Rab8 28. a3 Rd7 29. Rb1 a6 30. Rd5 Rdb7 31. Rc5 Kf8 32. Rc6 Re8 33. Rd1 Rbb8 34. Re1 a5 35. Rc7 b4 36. cxb4 axb4 37. axb4 Rxb4 38. Rf1 f5 39. e6 Rbb8 40. gxf5 g5 41. d7 Red8 42. f6 1-0

[Event "AUT-ch U16"]
[Site "St Veit"]
[Date "2021.10.25"]
[Round "2.2"]
[White "Miazhynski, Alexander"]
[Black "Lerch, Johannes"]
[Result "0-1"]
[WhiteElo "1770"]
[BlackElo "2153"]
[PlyCount "62"]
[EventDate "2021.10.25"]
[EventType "swiss"]
[EventRounds "7"]
[EventCountry "AUT"]
[SourceTitle "EXT 2023"]
[Source "ChessBase"]
[SourceDate "2022.10.05"]
[SourceVersion "1"]
[SourceVersionDate "2022.10.05"]
[SourceQuality "1"]

1. e4 e5 2. Nf3 Nc6 3. Bc4 Bc5 4. c3 Nf6 5. d3 a6 6. Bb3 Ba7 7. 0-0 d6 8. Nbd2 h6 9. Re1 0-0 10. Nf1 Ne7 11. Ng3 Ng6 12. h3 c6 13. d4 Re8 14. a4 Qc7 15. Qc2 Be6 16. Bxe6 Rxe6 17. dxe5 dxe5 18. Be3 Bxe3 19. Rxe3 Nf4 20. Rd1 b5 21. Ree1 c5 22. Rd2 c4 23. Red1 Nd3 24. Ne1 Nc5 25. axb5 axb5 26. Qb1 Nb3 27. Re2 Ra1 28. Qc2 Rea6 29. Kh2 Rxd1 30. Qxd1 Ra1 31. Qc2 Rc1 0-1

[Event "AUT-ch U14 Online Rapid"]
[Site "Playchess.com INT"]
[Date "2020.12.13"]
[Round "2"]
[White "Busta, Valentin"]
[Black "Miazhynski, Alexander"]
[Result "0-1"]
[WhiteElo "1367"]
[BlackElo "1577"]
[PlyCount "118"]
[EventDate "2020.12.13"]
[EventType "swiss (rapid)"]
[EventRounds "7"]
[EventCountry "AUT"]
[SourceTitle "EXT 2022"]
[Source "ChessBase"]
[SourceDate "2021.10.06"]
[SourceVersion "1"]
[SourceVersionDate "2021.10.06"]
[SourceQuality "1"]

1. e4 c5 2. Bc4 e6 3. Nf3 a6 4. d3 b5 5. Bb3 Bb7 6. a3 d6 7. 0-0 Nc6 8. h3 Be7 9. Qe2 Nf6 10. Bg5 0-0 11. Nc3 Qc7 12. Bxf6 Bxf6 13. Qd2 Rac8 14. Ba2 Nd4 15. Nxd4 cxd4 16. Nd1 Qxc2 17. Qxc2 Rxc2 18. Re1 Rfc8 19. Bb3 Rd2 20. f3 a5 21. Nf2 Rxb2 22. Rab1 Rxb1 23. Rxb1 Bg5 24. a4 b4 25. Kh2 Rc3 26. Kg3 h5 27. f4 Bf6 28. h4 Ba6 29. Kh3 Bxd3 30. Nxd3 Rxd3+ 31. g3 Rc3 32. Kg2 d3 33. Kf2 Bd4+ 34. Ke1 e5 35. Kd2 Bf2 36. fxe5 Bxg3 37. exd6 Bxd6 38. Bd1 Bf4+ 39. Ke1 d2+ 40. Ke2 Rc1 41. Rb3 Rc3 42. Rb1 g5 43. hxg5 Bxg5 44. Kf2 h4 45. Kg2 Kg7 46. Kh2 Bf4+ 47. Kg2 h3+ 48. Kh1 h2 49. Rb2 Rg3 50. Kxh2 Rb3+ 51. Kg2 Rxb2 52. Kf3 Rb1 53. Ke2 b3 54. Bxb3 Rxb3 55. Kd1 Rb1+ 56. Kc2 d1Q+ 57. Kc3 Rc1+ 58. Kb2 Be5+ 59. Ka3 Ra1# 0-1

[Event "AUT-ch U14 Online Rapid"]
[Site "Playchess.com INT"]
[Date "2020.12.13"]
[Round "3"]
[White "Hengl, Philip"]
[Black "Miazhynski, Alexander"]
[Result "1-0"]
[WhiteElo "1790"]
[BlackElo "1577"]
[PlyCount "143"]
[EventDate "2020.12.13"]
[EventType "swiss (rapid)"]
[EventRounds "7"]
[EventCountry "AUT"]
[SourceTitle "EXT 2022"]
[Source "ChessBase"]
[SourceDate "2021.10.06"]
[SourceVersion "1"]
[SourceVersionDate "2021.10.06"]
[SourceQuality "1"]

1. e4 c5 2. Nc3 Nc6 3. g3 d6 4. Bg2 Nf6 5. d3 e6 6. f4 Be7 7. Nf3 a6 8. 0-0 0-0 9. h3 Qc7 10. g4 b5 11. Ne2 Bb7 12. Ng3 Rac8 13. Be3 Rfe8 14. Qd2 c4 15. Rac1 Na5 16. f5 e5 17. g5 Nd7 18. h4 c3 19. bxc3 Qxc3 20. h5 Qxd2 21. Bxd2 Nc6 22. Bh3 f6 23. h6 Nd4 24. Nxd4 exd4 25. g6 Ne5 26. Nh5 Bf8 27. Kf2 d5 28. Rg1 Rc7 29. hxg7 Bxg7 30. Bh6 hxg6 31. Nxg7 Rxg7 32. Bxg7 Kxg7 33. fxg6 dxe4 34. Bf5 e3+ 35. Kg3 b4 36. Kf4 Nf3 37. Rh1 Ng5 38. Rh2 Bd5 39. Ra1 a5 40. a3 Re7 41. axb4 axb4 42. Re1 Rb7 43. Kg3 Kg8 44. Kf4 Nf3 45. Rhe2 Nxe1 46. Rxe1 Kg7 47. Be4 Bxe4 48. Kxe4 Rd7 49. Rg1 Rd6 50. Rg2 Rd7 51. Rg1 e2 52. Re1 Kxg6 53. Rg1+ Kf7 54. Kf3 Re7 55. Kf2 Ke8 56. Ke1 Kd7 57. Rg6 Re6 58. Rg4 Rd6 59. Kxe2 Kc6 60. Kd2 Kc5 61. Rf4 Kc6 62. Rf5 Kb6 63. Kc1 Kc6 64. Kb2 Re6 65. Kb3 Re2 66. Rxf6+ Kd5 67. Rf5+ Kc6 68. Rf4 Kc5 69. Rf8 Kb5 70. Rb8+ Kc5 71. Rc8+ Kb5 72. Rc4 1-0

[Event "AUT-ch U14 Online Blitz"]
[Site "Playchess.com INT"]
[Date "2020.12.11"]
[Round "3"]
[White "Miazhynski, Alexander"]
[Black "Stadlinger, Lukas"]
[Result "1-0"]
[WhiteElo "1547"]
[BlackElo "1292"]
[PlyCount "95"]
[EventDate "2020.12.11"]
[EventType "swiss (blitz)"]
[EventRounds "7"]
[EventCountry "AUT"]
[SourceTitle "EXT 2022"]
[Source "ChessBase"]
[SourceDate "2021.10.06"]
[SourceVersion "1"]
[SourceVersionDate "2021.10.06"]
[SourceQuality "1"]

1. e4 e5 2. Nf3 d6 3. Bc4 Be7 4. c3 Nf6 5. d3 0-0 6. 0-0 Bg4 7. Nbd2 Nc6 8. Re1 Qd7 9. Bb3 d5 10. exd5 Nxd5 11. Ne4 Nf4 12. Bxf4 exf4 13. h3 Bxf3 14. Qxf3 Bd6 15. Nxd6 Qxd6 16. Re4 Ne5 17. Qxf4 Nxd3 18. Qxd6 cxd6 19. Rd4 Nc5 20. Rxd6 Nxb3 21. axb3 a6 22. Rad1 Rfe8 23. Kf1 Kf8 24. Rd7 b5 25. Rc7 Rad8 26. Rdd7 Rxd7 27. Rxd7 Re7 28. Rd6 Ra7 29. Ke2 Ke7 30. Rd4 g6 31. Kd3 Ke6 32. Rd8 h5 33. g3 Kf6 34. f4 Re7 35. Rd6+ Re6 36. Rxe6+ Kxe6 37. Ke4 f6 38. c4 bxc4 39. bxc4 f5+ 40. Kd4 Kd6 41. c5+ Kc6 42. b4 Kb5 43. Kd5 Kxb4 44. c6 a5 45. c7 a4 46. c8Q a3 47. Qb7+ Kc3 48. Qb1 1-0

[Event "AUT-ch Vor2 Internet"]
[Site "Playchess.com INT"]
[Date "2020.04.13"]
[Round "2"]
[White "Miazhynski, Alexander"]
[Black "Bauer, Wolfgang1111"]
[Result "1-0"]
[WhiteElo "1535"]
[BlackElo "1526"]
[PlyCount "105"]
[EventDate "2020.04.13"]
[EventType "swiss (blitz)"]
[EventRounds "9"]
[EventCountry "AUT"]
[SourceTitle "CBM 195 Extra"]
[Source "ChessBase"]
[SourceDate "2020.05.31"]
[SourceVersion "1"]
[SourceVersionDate "2020.05.31"]
[SourceQuality "1"]

1. e4 c5 2. Nf3 d6 3. c3 Nc6 4. d4 cxd4 5. cxd4 e6 6. Nc3 Be7 7. Bc4 a6 8. 0-0 Nf6 9. a3 0-0 10. h3 b5 11. Bd3 Qc7 12. Bf4 Rd8 13. Rc1 Qb8 14. Qe2 Bb7 15. d5 exd5 16. Nxd5 Nxd5 17. exd5 Ne5 18. Nxe5 Bxd5 19. Qe1 Bf6 20. Nc6 Bxc6 21. Rxc6 Qb7 22. Be4 Qd7 23. Rxd6 Qe8 24. Bxa8 Rxa8 25. Qxe8+ Rxe8 26. Rfd1 Rf8 27. Rxa6 Bxb2 28. Ra5 g6 29. Rxb5 Bxa3 30. Bh6 Re8 31. g3 f5 32. Rb7 Re7 33. Rd8+ Kf7 34. Rf8+ Ke6 35. Rxe7+ Bxe7 36. Ra8 Bc5 37. Be3 Bb4 38. Ra7 h5 39. Ra6+ Kf7 40. Kg2 Bc3 41. Rc6 Be5 42. Bg5 Bb2 43. Rc7+ Kg8 44. h4 Ba3 45. Rb7 Bc5 46. Kf3 Bd4 47. Be3 Be5 48. Bc5 Bc3 49. Ke3 Be5 50. Bd4 Bd6 51. Rb6 Ba3 52. Rxg6+ Kf7 53. Rf6+ 1-0